03266cam a2200673 i 4500001001200000003000600012005001700018008004100035020004800076035002200124035002300146040008100169041001800250045001700268046000900285245032300294246005100617260011000668300002500778336002700803337005400830338002800884380001600912380002300928388001000951504004400961546016301005600004901168600005101217600006001268600006001328600007601388600006901464648002601533648002601559648002601585648002601611648002601637650002901663650002501692650004401717650002901761651002201790651002301812655002601835655003101861658001301892700005201905700005601957700005302013700004802066710013402114710006102248710006302309920005002372942001502422999001702437952013802454xx004858970NUKAT20260427104307.0200512s2020 pl |001 0dpol c a9788380988392q(oprawa twarda) :czł 35,00 a(OCoLC)1156654866 a(NUKAT)xx004858970 aKAT U/DLbpolerdacKAT U/DLsdKAT U/MPdWA 392/MDdWA 14/ABsdOLSZT 008/bak1 apolbenghlit2 bd1867bd1935 k202000aBez emocji :bpolsko-litewski dialog o Józefie Piłsudskim /cpod redakcją Danuty Jastrzębskiej-Golonkowej, Alvydasa Nikžentaitisa, Włodzimierza Sulei i Tadeusza Wolszy ; Instytut Pamięci Narodowej. Komisja Ścigania Zbrodni Przeciwko Narodowi Polskiemu, Instytut Polski w Wilnie ; Instytut Historii Litwy.30aPolsko-litewski dialog o Józefie Piłsudskim aWarszawa :bInstytut Pamięci Narodowej. Komisja Ścigania Zbrodni Przeciwko Narodowi Polskiemu,c2020. a352 strony ;c25 cm. aTekstbtxt2rdacontent aBez urządzenia pośredniczącegobn2rdamedia aWoluminbnc2rdacarrier aKsiążki aPublikacje naukowe1 a2001- aBibliografia przy rozdziałach. Indeks. aCzęść artykułów tłumaczona z języka litewskiego. Streszczenie w języku angielskim przy artykułach. Spis treści także w języku angielskim.17aPiłsudski, Józefd(1867-1935)2DBN93702417aPiłsudski, Józefd(1867-1935).2kaba93828717aPiłsudski, Józefd(1867-1935)xi Litwa.2kaba91359017aPiłsudski, Józefd(1867-1935)xjęzyk.2kaba94061717aPiłsudski, Józefd(1867-1935)xkrytyka i interpretacja.2kaba94061817aPiłsudski, Józefd(1867-1935)xopinia publiczna.2kaba940619 7a1801-19002DBN936037 7a1901-19142DBN936038 7a1901-20002DBN934996 7a1914-19182DBN936040 7a1918-19392DBN936041 7aGenerałowie2DBN937520 7aPolitycy2DBN936070 7aŚwiadomość społeczna2DBN935235 7aŻołnierze2DBN935175 7aLitwa2DBN935756 7aPolska2DBN935076 7aBiografia2DBN935059 7aPraca zbiorowa2DBN935107 aHistoria1 aJastrzębska-Golonka, Danuta.eRedakcja9162641 aNikžentaitis, Alvydasd(1961- ).eRedakcja9406141 aSuleja, Włodzimierzd(1948- ).eRedakcja9322491 aWolsza, Tadeuszd(1956- ).eRedakcja9406152 aInstytut Pamięci Narodowej - Komisja Ścigania Zbrodni przeciwko Narodowi Polskiemu.eInstytucja sprawczaeWydawca4pbl9117922 aLenkijos Institutas (Wilno).eInstytucja sprawcza9406162 aLietuvos istorijos institutas.eInstytucja sprawcza916166 a978-83-8098-839-2 (oprawa twarda) : zł 35,00 2ddccBK_NM c27794d27794 00102ddc40708K_magaBIPbBIPd2020-11-30eD-36/2020fDg35.00i59934l0o59934pIPWK21635r2026-04-27 10:44:09w2026-04-27yBK_NM